000 00524nam a2200193Ia 4500
005 20250508162341.0
008 008 250505s9999 xx 000 0 hin d
037 _aTextual
040 _aFEDL
_beng
_cFEDL
041 _ahin
_2hin
084 _a155.4, YUD
_qFEDL
100 _aYudhishthar Kumar
_9772942
245 0 _aApne bachchon ko pahchaniye
260 _aDelhi, India
_bAtma Ram and Sons
300 _a92p
650 _aChild psychology
942 _cTEXL
_h155.4, YUD
999 _c1375999
_d1375999